000 00565nam a2200181Ia 4500
008 100917s9999 xx 000 0 und d
082 _b33571
100 _aकाळे श्रीपाद
245 _aकातळावरचे पाणी
260 _bकुलकर्णी ग्रंथागार
_c1977
300 _a118
365 _b10
520 _aकादंबरी
630 _aकातळावरचे पाणी
650 _aकादंबरी
730 _aकातळावरचे पाणी
942 _cBOOK
999 _c638965
_d638962